Largest Cities in California by Letter - Statistics

General Stats
  • This quiz has been taken 526 times
  • The average score is 12 of 23
Answer Stats
Letter Population California City % Correct
S 1,419,516 San Diego
98%
L 3,999,759 Los Angeles
97%
A 352,497 Anaheim
88%
F 527,438 Fresno
88%
B 380,874 Bakersfield
87%
O 425,195 Oakland
79%
R 327,728 Riverside
71%
I 277,423 Irvine
67%
C 270,471 Chula Vista
58%
M 214,221 Modesto
58%
H 201,874 Huntington Beach
44%
V 133,010 Visalia
41%
G 203,054 Glendale
38%
T 146,758 Torrance
35%
E 171,844 Elk Grove
34%
D 113,092 Downey
29%
J 106,028 Jurupa Valley
29%
Y 68,229 Yorba Linda
28%
P 157,519 Palmdale
27%
U 76,999 Upland
27%
W 107,598 West Covina
22%
N 106,084 Norwalk
18%
K 14,932 Kerman
7%
No matching quizzes found
Score Distribution
Percent of People with Each Score
Percentile by Number Answered
Your Score History
You have not taken this quiz